<?xml version="1.0" encoding="UTF-8"?><?xml-stylesheet type="text/xsl" href="static/style.xsl"?><OAI-PMH xmlns="http://www.openarchives.org/OAI/2.0/" xmlns:xsi="http://www.w3.org/2001/XMLSchema-instance" xsi:schemaLocation="http://www.openarchives.org/OAI/2.0/ http://www.openarchives.org/OAI/2.0/OAI-PMH.xsd"><responseDate>2026-06-07T02:30:33Z</responseDate><request verb="GetRecord" identifier="oai:riubu.ubu.es:10259/6910" metadataPrefix="marc">https://riubu.ubu.es/oai/request</request><GetRecord><record><header><identifier>oai:riubu.ubu.es:10259/6910</identifier><datestamp>2024-05-17T09:38:34Z</datestamp><setSpec>com_10259.4_104</setSpec><setSpec>com_10259_2604</setSpec><setSpec>col_10259_6848</setSpec></header><metadata><record xmlns="http://www.loc.gov/MARC21/slim" xmlns:doc="http://www.lyncode.com/xoai" xmlns:xsi="http://www.w3.org/2001/XMLSchema-instance" xmlns:dcterms="http://purl.org/dc/terms/" xsi:schemaLocation="http://www.loc.gov/MARC21/slim http://www.loc.gov/standards/marcxml/schema/MARC21slim.xsd">
<leader>00925njm 22002777a 4500</leader>
<datafield tag="042" ind1=" " ind2=" ">
<subfield code="a">dc</subfield>
</datafield>
<datafield tag="720" ind1=" " ind2=" ">
<subfield code="a">Escobar de la Iglesia, Jaime</subfield>
<subfield code="e">author</subfield>
</datafield>
<datafield tag="720" ind1=" " ind2=" ">
<subfield code="a">Larrodé Pellicer, Emilio</subfield>
<subfield code="e">author</subfield>
</datafield>
<datafield tag="260" ind1=" " ind2=" ">
<subfield code="c">2021-07</subfield>
</datafield>
<datafield tag="520" ind1=" " ind2=" ">
<subfield code="a">The aim of this study is to evaluate the feasibility to run an Autopista Ferroviaria with&#xd;
Iberian width from a technical and operational point of view in order to analyse the&#xd;
business model in the short term.&#xd;
A.F. (Autopista Ferroviaria) is defined by the Spanish Public Works Department as a&#xd;
combined transport in which semitrailers are transported by train in a shuttle service using&#xd;
specific wagons and terminals conditioning for this service according with the chosen&#xd;
operational typology. According to this definition, Spain, for the moment, still has not a&#xd;
service that could be called A.F. in Iberian width.&#xd;
This study is based on the current Iberian railway line between the Port of Algeciras and&#xd;
Plaza (Logistic Platform of Zaragoza) and its focus is to determine whether from a&#xd;
technical and operational point of view, this rail line provides enough features to be used as&#xd;
A.F. To reach this goal, a European Ten-T corridor, the Atlantic one, and two important&#xd;
connections which are included in the Core Networks: Algeciras and Zaragoza are&#xd;
considered.</subfield>
</datafield>
<datafield tag="024" ind2=" " ind1="8">
<subfield code="a">978-84-18465-12-3</subfield>
</datafield>
<datafield tag="024" ind2=" " ind1="8">
<subfield code="a">http://hdl.handle.net/10259/6910</subfield>
</datafield>
<datafield tag="024" ind2=" " ind1="8">
<subfield code="a">10.36443/10259/6910</subfield>
</datafield>
<datafield ind1=" " ind2=" " tag="653">
<subfield code="a">Logística</subfield>
</datafield>
<datafield ind1=" " ind2=" " tag="653">
<subfield code="a">Operaciones</subfield>
</datafield>
<datafield ind1=" " ind2=" " tag="653">
<subfield code="a">Transporte de mercancías</subfield>
</datafield>
<datafield ind1=" " ind2=" " tag="653">
<subfield code="a">Ferrocarriles</subfield>
</datafield>
<datafield ind1=" " ind2=" " tag="653">
<subfield code="a">Logistics</subfield>
</datafield>
<datafield ind1=" " ind2=" " tag="653">
<subfield code="a">Operations</subfield>
</datafield>
<datafield ind1=" " ind2=" " tag="653">
<subfield code="a">Transportation of goods</subfield>
</datafield>
<datafield ind1=" " ind2=" " tag="653">
<subfield code="a">Railroads</subfield>
</datafield>
<datafield tag="245" ind1="0" ind2="0">
<subfield code="a">Analysis of the technical and operational capacity of a combined semi-trailer rail transport service between the port of Algeciras and Zaragoza.</subfield>
</datafield>
</record></metadata></record></GetRecord></OAI-PMH>